BIBLIOTECA

SENCICO

ISO 14000 : las nuevas normas internacionales para la administración ambiental (Registro nro. 1550)

Detalles MARC
000 -LEADER
fixed length control field 00957nam a2200277Ia 4500
005 - DATE AND TIME OF LATEST TRANSACTION
control field 20251020182515.0
008 - FIXED-LENGTH DATA ELEMENTS--GENERAL INFORMATION
fixed length control field 200515s9999 xx 000 0 und d
020 ## - INTERNATIONAL STANDARD BOOK NUMBER
International Standard Book Number 978-958-648-624-8
082 ## - DEWEY DECIMAL CLASSIFICATION NUMBER
Classification number 658.552.92/C28
100 ## - MAIN ENTRY--PERSONAL NAME
Personal name Cascio, Joseph
100 ## - MAIN ENTRY--PERSONAL NAME
Personal name Mitchell, Philip
100 ## - MAIN ENTRY--PERSONAL NAME
Personal name Woodside, Gayle
245 #0 - TITLE STATEMENT
Title ISO 14000 : las nuevas normas internacionales para la administración ambiental
260 ## - PUBLICATION, DISTRIBUTION, ETC.
Place of publication, distribution, etc. México, D.F.
260 ## - PUBLICATION, DISTRIBUTION, ETC.
Name of publisher, distributor, etc. McGraw-Hill
260 ## - PUBLICATION, DISTRIBUTION, ETC.
Date of publication, distribution, etc. 1997
300 ## - PHYSICAL DESCRIPTION
Other physical details tbls.
500 ## - GENERAL NOTE
General note 1 ejemplar
520 ## - SUMMARY, ETC.
Summary, etc. Las normas ISO 14000 producirán una revolución en la protección del medio ambiente a nivel mundial en la próxima década. En especial ISO 14001, la norma para el sistema de administración ambiental, habrá de cambiar el paradigma regulador, de una posición
650 ## - SUBJECT ADDED ENTRY--TOPICAL TERM
Topical term or geographic name entry element ISO 14001
650 ## - SUBJECT ADDED ENTRY--TOPICAL TERM
Topical term or geographic name entry element LIB
650 ## - SUBJECT ADDED ENTRY--TOPICAL TERM
Topical term or geographic name entry element MEDIO AMBIENTE
650 ## - SUBJECT ADDED ENTRY--TOPICAL TERM
Topical term or geographic name entry element POLITICAS AMBIENTALES
942 ## - ADDED ENTRY ELEMENTS (KOHA)
Koha item type Libros
Existencias
Fecha de la última vez que lo usaron Pago total Signatura topográfica completa Código de barras Precio efectivo desde Tipo de documento Estado perdido Estado dañado No es para préstamo Retirado Ubicación permanente Ubicación actual Fecha de adquisición
15/05/2020   658.552.92/C28 Bib-Lima15051550 15/05/2020 Libros         Biblioteca Central Lima Biblioteca Central Lima 15/05/2020